Zborník Oravského múzea ...

Bibliographic Details
Previous Title:Oravské múzeum
Other Authors: Horváth, Pavel, 1926-1999 (Compiler), Jagnešáková, Mária (Compiler), Karaska, Dušan, 1962- (Compiler), Removčíková, Oľga (Compiler), Huba, Peter, 1949- (Compiler)
Format: Serial
Language:Slovak
Polish
PhysicalDescription:zv. fotogr., mp., tab. 21-24 cm
Published: [Dolný Kubín Oravské múzeum P.O. Hviezdoslava] 1992-
ISBN:8096725211 (brož. : zv. XIII/1996)
8096725238 (brož. : zv. XIV/1997)
8096725246 (brož. : zv. XV/1998)
8096725254 (brož. : zv. XVI/1999)
8096725297 (brož. : zv. XVIII/2001)
8096888005 (brož. : zv. XIX/2002)
8096888021 (brož. : zv. XX/2003)
809688803X (brož. : zv. XXI/2004)
9788096888047 (brož. : zv. XXII/2005)
9788096888054 (brož. : zv. XXIII/2006)
9788096888061 (brož. : zv. XXIV/2007)
9788096888085 (viaz. : zv. XXV/2008)
9788096888092 (viaz. : zv. XXVI/2009)
9788089564019 (viaz. : zv. XXVII/2010)
9788089564026 (viaz. : zv. XXVIII/2011)
9788089564040 (viaz. : zv. XXIX/2012)
9788089564071 (viaz. : zv. XXX/2013)
9788089564095 (viaz. : zv. XXXI/2014)
9788089564149 (viaz. : zv. XXXII/2015)
9788089564163 (viaz. : zv. XXXIII/2016)
9788089564248 (viaz. : zv. XXXIV/2017)
9788089564262 (viaz. : zv. XXXV/2018)
9788089564309 (viaz. : zv. XXXVI/2019)
9788089564323 (viaz. : zv. XXXVII/2020)
8090043690 (brož. : zv. XI/1994)
8096725203 (brož. : zv. XII/1995)
8096725270 (brož. : zv. XVII/2000)
9788089564354 (viaz. : zv. XXXVIII/2021)
9788089564378 (viaz. : zv. XXXIX/2022)
9788089564392 (viaz. : zv. XL/2023)
Subjects:
Online Access:http://www.oravamuzeum.sk/index.php/edicna-cinnost/zbornik-om

MARC

LEADER 00000cas a2200000 a 4500
001 vtls001478532
003 SK-MaSNL
005 20260228160758.0
008 230420c19689999xo ar h 0 0b0slo
015 |a SNBA1992/11 (r. 1992)  |a SNBA1993/04 (r. 1993)  |a SNBA1994/03 (11/1994)  |a SNBA1995/04 (12/1995)  |a SNBA1996/1103048 (13/1996)  |a SNBA1999/06-02093 (14/1997)  |a SNBA2000/01-00308 (15/1998)  |a SNBA2000/09-03152 (16/1999)  |a SNBA2002/04-01376 (17/2000)  |a SNBB2007/03-00738 (r. 2001-XVIII)  |a SNBB2007/03-00754 (r. 2002-XIX)  |a SNBB2008/03-01077 (r. 2003-XX)  |a SNBB2008/03-01079 (r. 2004-XXI)  |a SNBB2009/01-00241 (r. 2005-XXII)  |a SNBB2009/01-00242 (r. 2006-XXIII)  |a SNBB2009/03-01048 (r. 2007-XXIV)  |a SNBB2010/03-01642 (r. 2008-XXV)  |a SNBB2011/04-02963 (r. 2009-XXVI)  |a SNBB2012/03-01070 (r. 2010-XXVII)  |a SNBB2014-(r. 2012-XXIX)  |a SNBB2017-(r. 2015-XXXII)  |a SNBB2018-(r. 2016-XXXIII, r. 2013-XXX, r. 2014-XXXI)  |a SNBB2019-(r. 2017-XXXIV)  |a SNBB2020-(r. 2018-XXXV)  |a SNBB2021-(r. 2019-XXXVI)  |a SNBB2023-(r. 2020, r. 2021)  |a SNBB2024-(r. 2022) 
020 |a 8096725211 (brož. : zv. XIII/1996) 
020 |a 8096725238 (brož. : zv. XIV/1997) 
020 |a 8096725246 (brož. : zv. XV/1998) 
020 |a 8096725254 (brož. : zv. XVI/1999) 
020 |a 8096725297 (brož. : zv. XVIII/2001) 
020 |a 8096888005 (brož. : zv. XIX/2002) 
020 |a 8096888021 (brož. : zv. XX/2003) 
020 |a 809688803X (brož. : zv. XXI/2004) 
020 |a 9788096888047 (brož. : zv. XXII/2005) 
020 |a 9788096888054 (brož. : zv. XXIII/2006) 
020 |a 9788096888061 (brož. : zv. XXIV/2007) 
020 |a 9788096888085 (viaz. : zv. XXV/2008) 
020 |a 9788096888092 (viaz. : zv. XXVI/2009) 
020 |a 9788089564019 (viaz. : zv. XXVII/2010) 
020 |a 9788089564026 (viaz. : zv. XXVIII/2011) 
020 |a 9788089564040 (viaz. : zv. XXIX/2012) 
020 |a 9788089564071 (viaz. : zv. XXX/2013) 
020 |a 9788089564095 (viaz. : zv. XXXI/2014) 
020 |a 9788089564149 (viaz. : zv. XXXII/2015) 
020 |a 9788089564163 (viaz. : zv. XXXIII/2016) 
020 |a 9788089564248 (viaz. : zv. XXXIV/2017) 
020 |a 9788089564262 (viaz. : zv. XXXV/2018) 
020 |a 9788089564309 (viaz. : zv. XXXVI/2019) 
020 |a 9788089564323 (viaz. : zv. XXXVII/2020) 
020 |a 8090043690 (brož. : zv. XI/1994) 
020 |a 8096725203 (brož. : zv. XII/1995) 
020 |a 8096725270 (brož. : zv. XVII/2000) 
020 |a 9788089564354 (viaz. : zv. XXXVIII/2021) 
020 |a 9788089564378 (viaz. : zv. XXXIX/2022) 
020 |a 9788089564392 (viaz. : zv. XL/2023) 
035 |a SNK000433832 
040 |a SNK  |b slo  |c SNK  |d SAVUK  |d SVKBB  |e AACR2 
041 0 |a slo  |a pol  |b eng 
043 |a e-xo--- 
044 |a xo  |c SK 
072 7 |a 069  |x Múzeá. Muzeológia. Múzejníctvo. Výstavy  |2 konspekt 
080 |a 316.3  |2 2011 
080 |a 502.2  |2 2011 
080 |a 93/94  |2 2011 
080 |a (437.6)  |2 2011 
080 |a (062.552)  |2 2011 
080 |a 069  |2 2011 
080 |a 050  |2 2011 
130 0 |a Zborník Oravského múzea ... (Dolný Kubín : 1992- )  |9 267313 
245 1 0 |a Zborník Oravského múzea ... 
246 1 |i Názov v tiráži:  |a Zborník Oravského múzea P.O. Hviezdoslava  |f 1992,1996-1998 
246 1 |i Názov v tiráži:  |a Zborník Oravského múzea P.O. Hviezdoslava v Dolnom Kubíne  |f 1993 
260 |a [Dolný Kubín  |b Oravské múzeum P.O. Hviezdoslava]  |c 1992- 
300 |a zv.  |b fotogr., mp., tab.  |c 21-24 cm 
310 |a 1x ročne 
362 0 |a [1968] ; 1971 ; n.s. 1992 ; 20 (2003)- 
500 |a Súčasťou názvu je označenie roku a ročníka 
500 |a Zostavovateľ: 1992, Peter Huba ; XI (1994), Dušan Karaska; XII (1995), Pavel Horváth, Dušan Karaska; XIII (1996), Dušan Karaska; XIV (1997), Oľga Removčíková; XV (1998)-XIX (2002), Dušan Karaska; XX (2003), Mária Jagnešáková 
500 |a Zodp. red.: XXI (2004)-XXXIX (2022), Mária Jagnešáková 
500 |a Zborník Oravského múzea je pokračovaním Zborníka Oravského múzea I (1968), Zborníka Oravského múzea II (1971) a Spravodaja Oravského múzea III-VIII (1980-1985) 
500 |a Od r. 2008 výška formátu 24 cm 
500 |a Roč. XXV (2008) - 140. výročie OM 1868-2008 
500 |a Roč. XXVI (2009) - 170. výročie vzniku Bibliotéky Čaplovičiany 
500 |a Roč. XXX (2013) - 145. výročie OM 1868-2013 
500 |a R.1968, 1971 vyd. Banská Bystrica, Stredoslovenské vyd. 
504 |a Bibliogr. odkazy ; pozn. 
546 |a Čiastočný text aj poľský ; anglické resumé 
610 2 7 |a Oravské múzeum P. O. Hviezdoslava v Dolnom Kubíne  |2 SNKKA  |9 171916 
650 0 7 |a múzeá  |2 SNKPH  |9 4119 
650 0 7 |a spoločnosť  |2 SNKPH  |9 1013 
650 0 7 |a príroda  |2 SNKPH  |9 3813 
650 0 7 |a dejiny  |2 SNKPH  |9 3825 
650 0 7 |a Museums  |2 SNKPHeng  |9 265072 
650 0 7 |a Society  |2 SNKPHeng  |9 265080 
650 0 7 |a Nature  |2 SNKPHeng  |9 267314 
650 0 7 |a History  |2 SNKPHeng  |9 265139 
651 7 |a Orava (Slovensko : región)  |2 SNKPHgeo  |9 116635 
651 7 |a Orava (Slovakia : region)  |2 SNKPHeng  |9 142438 
655 7 |a zborníky  |2 SNKPH  |9 70165 
655 7 |a Miscellanea  |2 SNKPHeng  |9 265155 
700 1 |a Horváth, Pavel,  |d 1926-1999  |4 com  |9 13541 
700 1 |a Jagnešáková, Mária  |4 com  |4 lso  |9 267315 
700 1 |a Karaska, Dušan,  |d 1962-  |4 com  |4 lso  |9 104359 
700 1 |a Removčíková, Oľga  |4 com  |4 lso  |9 9426 
700 1 |a Huba, Peter,  |d 1949-  |4 com  |9 98625 
780 0 0 |t Oravské múzeum  |w vtls001411742 
856 4 1 |u http://www.oravamuzeum.sk/index.php/edicna-cinnost/zbornik-om 
910 |a snk 
910 |a savuk 
910 |a kuruk 
916 |a 1992-2020,2021 
919 |a 80-967252-1-1 
919 |a 80-967252-3-8 
919 |a 80-967252-4-6 
919 |a 80-967252-5-4 
919 |a 80-967252-7-0 
919 |a 80-967252-9-7 
919 |a 80-968880-0-5 
919 |a 80-968880-2-1 
919 |a 80-968880-3-X 
919 |a 978-80-968880-5-4 
919 |a 978-80-968880-4-7 
919 |a 978-80-968880-6-1 
919 |a 978-80-868880-9-2 
919 |a 978-80-89564-01-9 
919 |a 978-80-89564-02-6 
919 |a 978-80-968880-8-5 
919 |a 978-80-89564-04-0 
919 |a 978-80-89564-07-1 
919 |a 978-80-89564-09-5 
919 |a 978-80-89564-14-9 
919 |a 978-80-89564-16-3 
919 |a 978-80-89564-24-8 
919 |a 978-80-89564-26-2 
919 |a 978-80-89564-30-9 
919 |a 978-80-89564-32-3 
919 |a 80-900436-9-0 
919 |a 80-967252-0-3 
919 |a 978-80-89564-35-4 
919 |a 978-80-89564-37-8 
919 |a 978-80-89564-39-2 
958 |a NB 
999 |c 3580  |d 5510 
952 |0 0  |1 0  |4 0  |7 0  |a SNK  |b SNK  |d 1999-12-01  |i snk1410/1999  |l 0  |o snkC 774  |r 2005-01-02 00:00:00  |t R. 1998  |w 2026-02-21  |y NEVYP 
952 |0 0  |1 0  |4 0  |7 0  |8 0  |a SNK  |b SNK  |d 1999-12-01  |i snkKSP 11895/99  |l 0  |o snkČSD 1814/15/1998  |p 17A0219588  |r 2005-01-02 00:00:00  |w 2026-02-21  |y PREZ 
952 |0 0  |1 0  |4 0  |7 0  |8 0  |a SNK  |b SNK  |d 1999-12-01  |i snkKSP 11896/99  |l 0  |o snkČSD 1814/15/1998 D1  |p 17A0219589  |r 2005-01-02 00:00:00  |w 2026-02-21  |y PREZ 
952 |0 0  |1 0  |4 0  |7 0  |8 0  |a SNK  |b SNK  |d 2023-04-20  |i snkKSP 2541/99  |l 0  |o snkČSD 1814/14/1997/príl.  |p 17A1465992  |r 2026-02-21 19:29:22  |t mapa  |w 2026-02-21  |y PREZ  |z Mapa vertikálnej a horizontálnej členitosti k. ú. Trstená  
952 |0 0  |1 0  |4 0  |7 0  |a SNK  |b SNK  |d 1999-03-19  |i snkKSP 1977/93  |l 0  |o snkČSD 1814/1993  |p 17A0186772  |r 2004-12-31 00:00:00  |w 2026-02-21  |y PREZ 
952 |0 0  |1 0  |4 0  |7 0  |a SNK  |b SNK  |d 1998-12-10  |i snkKSP 8252/92  |l 0  |o snkČSD 1814/1992  |p 17A0173811  |r 2004-12-31 00:00:00  |w 2026-02-21  |y PREZ 
952 |0 0  |1 0  |4 0  |7 0  |8 1  |a SNK  |b SNK  |d 1999-01-28  |i snkD 174/99  |l 0  |o snkČSD 1814/1992 D1  |p 17A0177851  |r 2004-12-31 00:00:00  |w 2026-02-21  |y PREZ 
952 |0 0  |1 0  |4 0  |7 0  |a SNK  |b SNK  |d 2000-06-30  |i snk742/20000703  |l 0  |o snkC 368  |r 2005-01-02 00:00:00  |t R. 1999  |w 2026-02-21  |y NEVYP 
952 |0 0  |1 0  |4 0  |7 0  |a SNK  |b SNK  |d 2000-06-30  |i snkKSP 6613/2000  |l 0  |o snkČSD 1814/16/1999  |p 17A0244363  |r 2005-01-02 00:00:00  |w 2026-02-21  |y PREZ  |z 150. výročie narodenia P.O.Hviezdoslava - Príspevky z vedeckej konferencie 2. februára 1999 v Dolnom Kubíne 
952 |0 0  |1 0  |4 0  |7 0  |a SNK  |b SNK  |d 2000-06-30  |i snkKSP 6614/2000  |l 0  |o snkČSD 1814/16/1999 D1  |p 17A0244362  |r 2005-01-02 00:00:00  |w 2026-02-21  |y PREZ 
952 |0 0  |1 0  |4 0  |7 1  |8 0  |a SNK  |b SNK  |d 2023-06-27  |i snk2023/10186  |l 0  |o snkČSD 1814/38/2021  |p 17A1520785  |r 2026-02-21 19:50:23  |w 2026-02-21  |y NEVYP 
952 |0 0  |1 0  |4 0  |7 0  |8 0  |a SNK  |b SNK  |d 2024-07-22  |i snk2024/11686  |l 0  |o snkČSD 1814/39/2022  |p 17A1523298  |r 2026-02-21 19:51:30  |w 2026-02-21  |y PREZ 
952 |0 0  |1 0  |4 0  |7 1  |8 0  |a SNK  |b SNK  |d 2025-05-28  |i snk2025/8636  |l 0  |o snkČSD 1814/40/2023  |p 17A1556098  |r 2026-02-21 19:51:41  |w 2026-02-21  |y NEVYP  |z Vydané v r. 2024 
952 |0 0  |1 0  |4 0  |7 0  |8 0  |a SNK  |b SNK  |d 2010-07-06  |i snk2010/14582  |l 0  |o snkČSD 1814/25/2008  |p 17A0661138  |r 2026-02-21 19:53:32  |w 2026-02-21  |y PREZ  |z 140. výročie OM 1868-2008 
952 |0 0  |1 0  |4 0  |7 0  |8 0  |a SNK  |b SNK  |d 2023-04-12  |i snk2023/5898  |l 0  |o snkČSD 1814/37/2020 D1  |p 17A1527609  |r 2026-02-21 20:00:13  |w 2026-02-21  |y PREZ 
952 |0 0  |1 0  |4 0  |7 0  |8 0  |a SNK  |b SNK  |d 2023-04-12  |i snk2023/5896  |l 0  |o snkČSD 1814/37/2020  |p 17A1527610  |r 2026-02-21 20:00:13  |w 2026-02-21  |y PREZ 
952 |0 0  |1 0  |4 0  |7 0  |a SNK  |b SNK  |d 1999-03-10  |i snkKSP 2541/99  |l 0  |o snkČSD 1814/14/1997  |p 17A0193953  |r 2005-01-02 00:00:00  |w 2026-02-21  |y PREZ 
952 |0 0  |1 0  |4 0  |7 0  |8 0  |a SNK  |b SNK  |d 2017-04-06  |i snk2017/8383  |l 0  |o snkČSD 1814/32/2015 D1  |p 17A1205323  |r 2026-02-21 20:13:41  |w 2026-02-21  |y PREZ 
952 |0 0  |1 0  |4 0  |7 0  |8 0  |a SNK  |b SNK  |d 2007-01-15  |i snk2007/1104  |l 0  |o snkČSD 1814/18/2001  |p 17A0524727  |r 2026-02-21 20:14:11  |w 2026-02-21  |y PREZ  |z Život a dielo Augustína Načina Borina (1900-1977) - Príspevky zo seminára, ktorý sa konal 23.11.2000 v Námestove, pri príležitosti 100. výročia narodenia 
952 |0 0  |1 0  |4 0  |7 0  |8 0  |a SNK  |b SNK  |d 2007-01-15  |i snk2007/1105  |l 0  |o snkČSD 1814/18/2001 D1  |p 17A0524728  |r 2026-02-21 20:14:11  |w 2026-02-21  |y PREZ 
952 |0 0  |1 0  |3 rekatalogizácia  |4 0  |7 0  |a SNK  |b SNK  |d 2007-05-17  |i snkKSP 2498/94  |l 0  |o snkČSD 1814/11/1994 D1  |p 17A0654242  |r 2026-02-21 20:19:59  |w 2026-02-21  |y PREZ 
952 |0 0  |1 0  |4 0  |7 0  |8 0  |a SNK  |b SNK  |d 2008-11-06  |i snk2008/21546  |l 0  |o snkČSD 1814/23/2006  |p 17A0600443  |r 2026-02-21 20:21:59  |w 2026-02-21  |y PREZ 
952 |0 0  |1 0  |4 0  |7 0  |8 0  |a SNK  |b SNK  |d 2011-09-13  |i snk2011/18983  |l 0  |o snkČSD 1814/26/2009  |p 17A0679234  |r 2026-02-21 20:22:29  |w 2026-02-21  |y PREZ  |z 170. výročie vzniku Bibliotéky Čaplovičiany 
952 |0 0  |1 0  |4 0  |7 0  |8 0  |a SNK  |b SNK  |d 2011-09-13  |i snk2011/18987  |l 0  |o snkČSD 1814/26/2009 D1  |p 17A0679235  |r 2026-02-21 20:22:29  |w 2026-02-21  |y PREZ 
952 |0 0  |1 0  |4 0  |7 0  |a SNK  |b SNK  |d 1999-03-19  |i snkKSP 2497/94  |l 0  |o snkČSD 1814/11/1994  |p 17A0187063  |r 2004-12-31 00:00:00  |w 2026-02-21  |y PREZ 
952 |0 0  |1 0  |4 0  |7 0  |a SNK  |b SNK  |d 1999-03-19  |i snkKSP 3199/95  |l 0  |o snkČSD 1814/12/1995  |p 17A0186839  |r 2004-12-31 00:00:00  |w 2026-02-21  |y PREZ 
952 |0 0  |1 0  |4 0  |7 0  |8 0  |a SNK  |b SNK  |d 2008-01-23  |i snk2008/1749  |l 0  |o snkČSD 1814/20/2003 D1  |p 17A0574311  |r 2026-02-21 20:28:19  |w 2026-02-21  |y PREZ 
952 |0 0  |1 0  |4 0  |7 0  |8 0  |a SNK  |b SNK  |d 2008-01-23  |i snk2008/1750  |l 0  |o snkČSD 1814/21/2004  |p 17A0574312  |r 2026-02-21 20:28:19  |w 2026-02-21  |y PREZ 
952 |0 0  |1 0  |4 0  |7 0  |8 0  |a SNK  |b SNK  |d 2008-01-23  |i snk2008/1753  |l 0  |o snkČSD 1814/21/2004 D1  |p 17A0574313  |r 2026-02-21 20:28:19  |w 2026-02-21  |y PREZ 
952 |0 0  |1 0  |4 0  |7 0  |8 0  |a SNK  |b SNK  |d 2008-01-23  |i snk2008/1748  |l 0  |o snkČSD 1814/20/2003  |p 17A0574310  |r 2026-02-21 20:28:40  |w 2026-02-21  |y PREZ 
952 |0 0  |1 0  |4 0  |7 0  |8 0  |a SNK  |b SNK  |d 2012-09-13  |i snk2012/17898  |l 0  |o snkČSD 1814/27/2010  |p 17A0879051  |r 2026-02-21 20:30:40  |w 2026-02-21  |y PREZ 
952 |0 0  |1 0  |4 0  |7 0  |8 0  |a SNK  |b SNK  |d 2012-09-13  |i snk2012/17899  |l 0  |o snkČSD 1814/27/2010 D1  |p 17A0879052  |r 2026-02-21 20:30:40  |w 2026-02-21  |y PREZ 
952 |0 0  |1 0  |4 0  |7 0  |a SNK  |b SNK  |d 1997-10-24  |l 0  |o snkČSD 1814/12/1995 D1  |p 17A0104298  |r 2005-01-02 00:00:00  |w 2026-02-21  |y PREZ 
952 |0 0  |1 0  |4 0  |7 0  |a SNK  |b SNK  |d 2004-07-15  |i snkPV 1058/2004  |l 0  |o snkČSD 1814/19/2002  |p 17A0431398  |r 2005-01-02 00:00:00  |w 2026-02-21  |y PREZ 
952 |0 0  |1 0  |4 0  |7 0  |a SNK  |b SNK  |d 2004-07-15  |i snkPV 1059/2004  |l 0  |o snkČSD 1814/19/2002 D1  |p 17A0431399  |r 2005-01-02 00:00:00  |w 2026-02-21  |y PREZ 
952 |0 0  |1 0  |4 0  |7 0  |8 0  |a SNK  |b SNK  |d 2014-03-26  |i snk2014/7957  |l 0  |o snkČSD 1814/28/2011  |p 17A1092856  |r 2026-02-21 20:51:09  |w 2026-02-21  |y PREZ 
952 |0 0  |1 0  |4 0  |7 0  |8 0  |a SNK  |b SNK  |d 2014-03-26  |i snk2014/7959  |l 0  |o snkČSD 1814/28/2011 D1  |p 17A1046039  |r 2026-02-21 20:51:09  |w 2026-02-21  |y PREZ 
952 |0 0  |1 0  |4 0  |7 0  |8 0  |a SNK  |b SNK  |d 2008-11-06  |i snk2008/21544  |l 0  |o snkČSD 1814/22/2005  |p 17A0600441  |r 2026-02-21 21:01:38  |w 2026-02-21  |y PREZ 
952 |0 0  |1 0  |4 0  |7 0  |8 0  |a SNK  |b SNK  |d 2008-11-06  |i snk2008/21545  |l 0  |o snkČSD 1814/22/2005 D1  |p 17A0600442  |r 2026-02-21 21:01:38  |w 2026-02-21  |y PREZ 
952 |0 0  |1 0  |4 0  |7 0  |8 0  |a SNK  |b SNK  |d 2008-11-06  |i snk2008/21547  |l 0  |o snkČSD 1814/23/2006 D1  |p 17A0600444  |r 2026-02-21 21:01:38  |w 2026-02-21  |y PREZ 
952 |0 0  |1 0  |4 0  |7 0  |8 0  |a SNK  |b SNK  |d 2014-05-27  |i snk2014/12449  |l 0  |o snkČSD 1814/29/2012  |p 17A1045867  |r 2026-02-21 21:14:33  |w 2026-02-21  |y PREZ 
952 |0 0  |1 0  |4 0  |7 0  |8 0  |a SNK  |b SNK  |d 2014-05-27  |i snk2014/12450  |l 0  |o snkČSD 1814/29/2012 D1  |p 17A1045868  |r 2026-02-21 21:14:33  |w 2026-02-21  |y PREZ 
952 |0 0  |1 0  |4 0  |7 0  |a SNK  |b SNK  |d 1996-09-25  |i snkKSP 7975/96  |l 0  |o snkČSD 1814/13/1996  |p 17A0011571  |r 2005-01-01 00:00:00  |w 2026-02-21  |y PREZ 
952 |0 0  |1 0  |4 0  |7 0  |a SNK  |b SNK  |d 1996-09-25  |i snkKSP 7976/96  |l 0  |o snkČSD 1814/13/1996 D1  |p 17A0011572  |r 2005-01-01 00:00:00  |w 2026-02-21  |y PREZ 
952 |0 0  |1 0  |4 0  |7 0  |a SNK  |b SNK  |d 1999-01-04  |l 0  |o snkČSD 1814/1993 D1  |p 17A0175200  |r 2005-01-02 00:00:00  |w 2026-02-21  |y PREZ 
952 |0 0  |1 0  |4 0  |7 0  |a SNK  |b SNK  |d 2002-01-29  |i snkKSP 1287/2002  |l 0  |o snkČSD 1814/17/2000  |p 17A0331144  |r 2005-01-02 00:00:00  |w 2026-02-21  |y PREZ  |z Anton Kocian - pedagóg, prírodovedec, múzejník (príspevky zo seminára, ktorý sa konal 16.10.2000 v Dolnom Kubíne, pri príležitosti 100. výročia narodenia) 
952 |0 0  |1 0  |4 0  |7 0  |a SNK  |b SNK  |d 2002-01-29  |i snkKSP 1288/2002  |l 0  |o snkČSD 1814/17/2000 D1  |p 17A0331139  |r 2005-01-02 00:00:00  |w 2026-02-21  |y PREZ 
952 |0 0  |1 0  |4 0  |7 0  |8 1  |a SNK  |b SNK  |d 2013-09-09  |i snk2013/17289  |l 0  |o snkČSD 1814/24/2008 D1  |p 17A0679503  |r 2026-02-21 21:24:20  |w 2026-02-21  |y PREZ 
952 |0 0  |1 0  |4 0  |7 0  |a SNK  |b SNK  |d 1999-03-10  |i snk440/990329  |l 0  |o snkC 231  |r 2005-01-02 00:00:00  |t R. 1997  |w 2026-02-21  |y NEVYP 
952 |0 0  |1 0  |4 0  |7 0  |a SNK  |b SNK  |d 1999-03-10  |i snkKSP 2542/99  |l 0  |o snkČSD 1814/14/1997 D1  |p 17A0183682  |r 2005-01-02 00:00:00  |w 2026-02-21  |y PREZ 
952 |0 0  |1 0  |4 0  |7 0  |8 0  |a SNK  |b SNK  |d 2021-10-14  |i snk2021/15591  |l 0  |o snkČSD 1814/36/2019  |p 17A1460953  |r 2026-02-21 21:29:16  |w 2026-02-21  |y PREZ 
952 |0 0  |1 0  |4 0  |7 0  |8 0  |a SNK  |b SNK  |d 2021-10-14  |i snk2021/15593  |l 0  |o snkČSD 1814/36/2019 D1  |p 17A1460954  |r 2026-02-21 21:29:16  |w 2026-02-21  |y PREZ 
952 |0 0  |1 0  |4 0  |7 0  |8 0  |a SNK  |b SNK  |d 2009-07-01  |i snk2009/12264  |l 0  |o snkČSD 1814/24/2007  |p 17A0609523  |r 2026-02-21 21:41:18  |w 2026-02-21  |y PREZ 
952 |0 0  |1 0  |4 0  |7 0  |8 0  |a SNK  |b SNK  |d 2009-07-01  |i snk2009/12265  |l 0  |o snkČSD 1814/24/2007 D1  |p 17A0609524  |r 2026-02-21 21:41:18  |w 2026-02-21  |y PREZ 
952 |0 0  |1 0  |4 0  |7 0  |8 0  |a SNK  |b SNK  |d 2019-03-06  |i snk2019/6143  |l 0  |o snkČSD 1814/34/2017  |p 17A1343267  |r 2026-02-21 21:50:47  |w 2026-02-21  |y PREZ 
952 |0 0  |1 0  |4 0  |7 0  |8 0  |a SNK  |b SNK  |d 2019-03-06  |i snk2019/6144  |l 0  |o snkČSD 1814/34/2017 D1  |p 17A1343268  |r 2026-02-21 21:50:47  |w 2026-02-21  |y PREZ 
952 |0 0  |1 0  |4 0  |7 0  |8 0  |a SNK  |b SNK  |d 2017-04-06  |i snk2017/8380  |l 0  |o snkČSD 1814/32/2015  |p 17A1205322  |r 2026-02-21 22:04:27  |w 2026-02-21  |y PREZ 
952 |0 0  |1 0  |4 0  |7 0  |8 0  |a SNK  |b SNK  |d 2018-05-11  |i snk2018/10295  |l 0  |o snkČSD 1814/33/2016  |p 17A1324897  |r 2026-02-21 22:05:27  |w 2026-02-21  |y PREZ 
952 |0 0  |1 0  |4 0  |7 0  |8 0  |a SNK  |b SNK  |d 2018-05-11  |i snk2018/10296  |l 0  |o snkČSD 1814/33/2016 D1  |p 17A1324898  |r 2026-02-21 22:05:28  |w 2026-02-21  |y PREZ 
952 |0 0  |1 0  |4 0  |7 0  |8 0  |a SNK  |b SNK  |d 2018-06-28  |i snk2018/14009  |l 0  |o snkČSD 1814/30/2013  |p 17A1324973  |r 2026-02-21 22:12:34  |w 2026-02-21  |y PREZ  |z 145. výročie OM 1868-2013 
952 |0 0  |1 0  |4 0  |7 0  |8 0  |a SNK  |b SNK  |d 2018-06-28  |i snk2018/14011  |l 0  |o snkČSD 1814/30/2013 D1  |p 17A1324974  |r 2026-02-21 22:12:34  |w 2026-02-21  |y PREZ 
952 |0 0  |1 0  |4 0  |7 0  |8 0  |a SNK  |b SNK  |d 2018-07-09  |i snk2018/14630  |l 0  |o snkČSD 1814/31/2014  |p 17A1327248  |r 2026-02-21 22:19:33  |w 2026-02-21  |y PREZ 
952 |0 0  |1 0  |4 0  |7 0  |8 0  |a SNK  |b SNK  |d 2018-07-09  |i snk2018/14632  |l 0  |o snkČSD 1814/31/2014 D1  |p 17A1327249  |r 2026-02-21 22:19:33  |w 2026-02-21  |y PREZ 
952 |0 0  |1 0  |4 0  |7 0  |8 0  |a SNK  |b SNK  |d 2020-02-10  |i snk2020/3100  |l 0  |o snkČSD 1814/35/2018  |p 17A1382726  |r 2026-02-21 22:22:51  |w 2026-02-21  |y PREZ 
952 |0 0  |1 0  |4 0  |7 0  |8 0  |a SNK  |b SNK  |d 2020-02-10  |i snk2020/3101  |l 0  |o snkČSD 1814/35/2018 D1  |p 17A1386698  |r 2026-02-21 22:22:51  |w 2026-02-21  |y PREZ